| 000 | 00938nam a2200205 i 4500 | ||
|---|---|---|---|
| 001 | 153599 | ||
| 003 | ES-MaACL | ||
| 005 | 20250728181404.0 | ||
| 008 | 000804s1869 fr |||| | fre d | ||
| 080 | _a262.131 | ||
| 110 | 1 |
_aOrleans (Diócesis). _bObispo (1849-1878 : Félix Dupanloup) _9176169 |
|
| 245 | 1 | 0 |
_aLettre de Mgr. l'Évèque d'Orléans au clergé de son diocèse : _bobservations sur la controverse soulevée relativement a la definition de l'infaillibilité au prochain concile. |
| 260 |
_aParis : _bCharles Douniol, _c1869 ( _eOrleans : _fImp. Ernest Colas) |
||
| 300 |
_a60 p. ; _c21 cm. |
||
| 597 | _aAntep. | ||
| 650 | 4 |
_aPapas- _xInfalibilidad. _915820 |
|
| 700 | 1 |
_aDupanloup, Félix, _d1802-1878 _946079 |
|
| 852 | 4 |
_aES-MaACL _zT-112-F-5 _z- Enc. hol., falto de cub. original _z- Enc. en un vol. facticio _x-- Edic.: corregir encabezamiento, debe entrar por la Diócesis |
|
| 999 |
_c153599 _d153599 |
||